Practical data analysis for designed experiments

Saved in:
Bibliografiske detaljer
Hovedforfatter: Yandell, Brian S (Author)
Format: Bog
Sprog:engelsk
Udgivet: Londres Chapman and Hall 1997
Serier:Texts in Statistical Science
Fag:
Tags: Tilføj Tag
Ingen Tags, Vær først til at tagge denne postø!

MARC

LEADER 00000nam a2200000 a 4500
001 UCS3782
003 CL-VaPUC
008 970718e19970000UK |||||||||||||||||eng|d
082 0 4 |a 519.53  |b YAN  |2 21 
100 0 |a Yandell, Brian S  |e author  |9 389981 
245 1 0 |a Practical data analysis for designed experiments 
300 |a 437 p 
942 |c BK 
945 |d 19970718 00:00:00  |a rleighto 
260 |a Londres  |b Chapman and Hall  |c 1997 
650 0 |a Análisis de datos  |9 269871 
650 0 |a Diseño experimental   |9 259977 
650 7 |a DISEÑO FACTORIAL  |2 CL-VaPUC  |9 389982 
650 0 |a Modelos lineales  |9 270494 
583 |a last modification  |c 19970718 00:00:00  |k Rodrigo Vera 
490 0 |a Texts in Statistical Science 
999 |c 261337  |d 261335 
952 |0 0  |1 0  |4 0  |6 519_530000000000000_YAN_1997  |7 0  |8 A  |9 288720  |a BIBGIM  |b BIBGIM  |d 2019-11-19  |i 3314944  |o 519.53 YAN 1997  |p 3314944  |r 2025-01-15  |w 2019-11-19  |y BK  |k EST